The construction of building, volume 1

Bibliographic Details
Main Author: Barry, R. (Author)
Format: Book
Published: London ELBS Granada 1980
Edition:4th ed
Subjects:

MARC

LEADER 00000cam a2200000 7i4500
001 0000000246
008 021118s1980
020 |a 0246114916 
090 0 0 |a TH145  |b B3 1980 
100 0 |a Barry, R.  |e author 
245 1 4 |a The construction of building, volume 1  |c R. Barry 
250 |a 4th ed 
260 2 |a London  |b ELBS  |b Granada  |c 1980 
300 |a 116 p.  |c 28 cm 
650 0 |a Building 
999 |a 1000035548  |b Book  |c OPEN SHELF (30 DAYS)  |e Gong Badak Campus